00602cam a2200193 a 450000100100000000500170001000800410002701000130006804000250008110000370010624501140014325000120025726000260026930000170029550000370031265000210034965000260037065000120039600000254820200929150218.0780629m19481947sp ch 000 0 spa  a50056830 aDO-SdBNPbspacBNPHU1 aMuñoz Seca, Pedro,d1881-1936.10aObras completas :bPedro Muñoz Seca /cPedro Muñoz Seca; colaboración de Don Pedro Pérez Fernández. a2a. ed. aMadrid :bFax,c1948. av. ;c17 cm. aLa biblioteca posee el tomo v. 2 4aTeatro español 4aLiteratura española 4aComedia